Từ dân tộc học đến bảo tàng dân tọc học con đường học tập và nghiên cứu tập 1
Bewaard in:
| Hoofdauteur: | |
|---|---|
| Formaat: | Boek |
| Gepubliceerd in: |
Hà Nội
Khoa học xã hội
2005
|
| Onderwerpen: | |
| Tags: |
Voeg label toe
Geen labels, Wees de eerste die dit record labelt!
|
| Thư viện lưu trữ: | Trung tâm Học liệu Lê Vũ Hùng, Trường Đại học Đồng Tháp |
|---|
| LEADER | 00807pam a22002178a 4500 | ||
|---|---|---|---|
| 001 | 00038920 | ||
| 005 | 20171109101138.0 | ||
| 008 | 170517s2005 ||||||Viesd | ||
| 041 | 0 | # | |a Vie |
| 082 | 1 | 4 | |a 069 |b T550D |
| 100 | 1 | # | |a Nguyễn, Văn Huy |
| 245 | 1 | 0 | |a Từ dân tộc học đến bảo tàng dân tọc học con đường học tập và nghiên cứu |c Nguyễn Văn Huy |b tập 1 |
| 260 | # | # | |a Hà Nội |b Khoa học xã hội |c 2005 |
| 300 | # | # | |a 766tr. |c 24 cm |
| 653 | # | # | |a Từ dân tộc học |
| 653 | # | # | |a bảo tàng dân tộc học |
| 653 | # | # | |a nghiên cứu |
| 852 | # | # | |b Kho đọc |j KD.1001962 |
| 852 | # | # | |j KD.0021689 |j KM.0022527 |
| 910 | |d 17/05/2017 | ||
| 980 | # | # | |a Trung tâm Học liệu Lê Vũ Hùng, Trường Đại học Đồng Tháp |